Tipos históricos de filosofar en América / (Record no. 188431)

MARC details
000 -LEADER
campo de control de longitud fija 00760nam a2200193 i 4500
001 - NÚMERO DE CONTROL
campo de control 188431
003 - IDENTIFICADOR DE NÚMERO DE CONTROL
campo de control ES-MaACL
005 - FECHA Y HORA DE LA ÚLTIMA TRANSACCIÓN
campo de control 20250804075013.0
008 - DATOS DE LONGITUD FIJA--INFORMACIÓN GENERAL
campo de control de longitud fija 180921s1959 mx |||| | spa d
100 0# - ENTRADA PRINCIPAL--NOMBRE DE PERSONA
Nombre de persona Larroyo, Francisco.
9 (RLIN) 70364
245 10 - MENCIÓN DEL TÍTULO
Título Tipos históricos de filosofar en América /
Mención de responsabilidad, etc. Francisco Larroyo.
260 ## - PUBLICACIÓN, DISTRIBUCIÓN, ETC.
Lugar de publicación, distribución, etc. México :
Nombre del editor, distribuidor, etc. Universidad Nacional de México,
Fecha de publicación, distribución, etc. 1959.
300 ## - DESCRIPCIÓN FÍSICA
Extensión P. 137-149 ;
Dimensiones 21 cm.
490 1# - MENCIÓN DE SERIE
Mención de serie Cuadernos del Seminario de Problemas Científicos y Filosóficos ;
Designación de volumen o secuencia Segunda serie nº 18
650 04 - PUNTO DE ACCESO ADICIONAL DE MATERIA--TÉRMINO DE MATERIA
Término de materia o nombre geográfico como elemento de entrada Filosofía-
Subdivisión geográfica América Latina
9 (RLIN) 12804
830 0# - PUNTO DE ACCESO ADICIONAL DE SERIE-TÍTULO UNIFORME
Título uniforme Cuadernos del Seminario de Problemas Científicos y Filosóficos ;
Designación de volumen o secuencia Segunda serie nº 18
9 (RLIN) 193031
852 ## - LOCALIZACIÓN
Ubicación ES-MaACL
Número de control de estantería 2088-F-17
Holdings
Estatus retirado Estado de pérdida Estado de daño No para préstamo Colección Biblioteca de origen Biblioteca actual Ubicación en estantería Fecha de adquisición Fuente de adquisición Total de préstamos Signatura topográfica completa Código de barras Visto por última vez Precio de reemplazo Tipo de ítem Koha
        Colección de folletos Biblioteca del Ateneo de Madrid Biblioteca del Ateneo de Madrid Depósito folletos 21/09/2018     2088-F-17 1199330 23/02/2023 23/02/2023 Folleto